[Event "Sun Pawn A"]
[Site "Illichevsk UKR"]
[Date "2008.07.24"]
[Round "5"]
[White "Turutin,A"]
[Black "Poluektov,Y2"]
[Result "1/2-1/2"]
[WhiteElo "2321"]
[BlackElo "2350"]

1.e4 e6 2.d4 d5 3.Nc3 Bb4 4.e5 b6 5.a3 Bf8 6.Bb5+ c6 7.Ba4 Ba6 8.Nce2 Bb5
9.Bb3 Bc4 10.Bxc4 dxc4 11.Nc3 Ne7 12.Nf3 b5 13.Ne4 Nd5 14.Bg5 Qa5+ 15.c3 h6
16.Bh4 Nd7 17.O-O N7b6 18.Ne1 Qa4 19.Qe2 Nf4 20.Qd2 Nbd5 21.Bg3 Nh5 22.f4 Nxg3
23.hxg3 g6 24.g4 O-O-O 25.f5 g5 26.Nc2 Qa6 27.a4 bxa4 28.Ne3 Nb6 29.fxe6 fxe6
30.Rf6 Re8 31.Qe2 Kb8 32.Nd2 c5 33.Ndxc4 cxd4 34.cxd4 Rh7 35.Qf3 Bb4 36.Rf7 Rxf7
37.Qxf7 Re7 38.Qf8+ Kb7 39.Rc1 Qb5 40.Nxb6 axb6 41.Qc8+ Ka7 42.Rc7+ Rxc7
43.Qxc7+ Ka6 44.Nc4 Ba5 45.Qc8+ Ka7 46.Qc7+ Ka6 47.Nd6 Qd5 48.Qc8+ Ka7 49.Qd7+ Ka6
50.Qc8+ Ka7 51.Qd7+ Ka6 52.Qxa4 b5 53.Qd1 Bc7 54.Nf7 Bb6 55.Qa1+ Kb7 56.Nd6+ Kb8
57.Qf1 Bxd4+ 58.Kh1 Bxe5 59.Nxb5 Bxb2 60.Nd6 Qxd6 61.Qb5+ Kc7 62.Qxb2 Qd1+
63.Kh2 Qxg4 64.Qg7+ Kd6 65.Qxh6 Qh4+ 66.Qxh4 gxh4 67.Kh3 Ke5 68.Kxh4 Kf4
69.g4 e5 70.g5 e4 71.g6 e3 72.g7 e2 73.g8=Q e1=Q+ 74.Kh5 Qh1+ 75.Kg6 Qg2+
76.Kf7 Qxg8+  1/2-1/2

[Event "Dutch Open"]
[Site "Dieren NED"]
[Date "2008.07.25"]
[Round "4"]
[White "Ten Hertog,H"]
[Black "Miedema,R"]
[Result "0-1"]
[WhiteElo "2133"]
[BlackElo "2303"]

1.e4 e6 2.d4 d5 3.Nc3 Bb4 4.e5 Ne7 5.Bd2 c5 6.a3 Bxc3 7.Bxc3 cxd4 8.Bxd4 Nbc6
9.Nf3 Nxd4 10.Qxd4 Nc6 11.Qg4 O-O 12.Bd3 f5 13.Qf4 a5 14.c3 b6 15.Bb5 Ne7
16.Qd2 Ba6 17.Bxa6 Rxa6 18.Nd4 Qd7 19.Qd3 Raa8 20.f4 a4 21.O-O-O Ra5 22.Kb1 Nc6
23.h3 Nxd4 24.Qxd4 Rc5 25.g4 Qb5 26.Qe3 Rfc8 27.Ka1 Qb3 28.Rd2 Rf8 29.Rd4 Qb5
30.Rhd1 Qc6 31.Rg1 b5 32.Rg2 Rc4 33.Rf2 Qc5 34.Rfd2 Rf7 35.R2d3 Qf8 36.g5 Rfc7
37.Rxc4 bxc4 38.Rd2 Qf7 39.Qb6 Re7 40.Qb4 Qe8 41.h4 Kf8 42.Rd4 h6 43.Ka2 Qh5
44.gxh6 gxh6 45.Qb8+ Qe8 46.Qb4 Kg8 47.Rd1 Rg7 48.Qb6 Rg4 49.Rg1 h5 50.Kb1 Kf7
51.Qf2 Qd8 52.Rh1 d4 53.cxd4 Qd5 54.Re1 c3 55.Re2 cxb2 56.Rxb2 Qh1+ 57.Ka2 Rg1
58.Rc2 Qd5+  0-1

[Event "III Open"]
[Site "Oviedo ESP"]
[Date "2008.07.28"]
[Round "6"]
[White "Arruebarrena,R"]
[Black "Cascudo Pueyo,I"]
[Result "0-1"]
[WhiteElo "2266"]
[BlackElo "2123"]

1.e4 e6 2.d4 d5 3.Nc3 Bb4 4.e5 Ne7 5.a3 Bxc3+ 6.bxc3 c5 7.Qg4 Qc7 8.Qxg7 Rg8
9.Qxh7 cxd4 10.Ne2 Nbc6 11.f4 Bd7 12.Qd3 dxc3 13.Qxc3 O-O-O 14.Rb1 Nf5 15.Rg1 d4
16.Qd3 f6 17.g4 Nh4 18.exf6 e5 19.f7 Rxg4 20.Rxg4 Bxg4 21.Bh3 Qd7 22.Bxg4 Qxg4
23.Qg3 Qh5 24.Qb3 b6 25.Qe6+ Kc7 26.fxe5 d3 27.cxd3 Qxe2+ 28.Kxe2 Nd4+ 29.Kf2 Nxe6
30.Be3 Rf8 31.Rc1+ Kd7 32.a4 Rxf7+ 33.Ke2 Nf4+ 34.Bxf4 Rxf4 35.a5 b5 36.e6+ Kxe6
37.Rc6+ Kd5 38.Rc7 a6 39.Rh7 Nf5 40.Ra7 Nd4+ 41.Ke1 Rf6 42.Rb7 Kc5 43.Kd1 Kb4
44.Rb6 Rf1+ 45.Kd2 Kxa5  0-1

[Event "13th Open"]
[Site "Creon FRA"]
[Date "2008.07.29"]
[Round "2"]
[White "Galloux,M"]
[Black "Nguyen Chi Minh"]
[Result "1/2-1/2"]
[WhiteElo "2041"]
[BlackElo "2432"]

1.e4 e6 2.d4 d5 3.Nc3 Bb4 4.e5 Qd7 5.a3 Bxc3+ 6.bxc3 b6 7.Qg4 f5 8.Qg3 Ba6
9.Bxa6 Nxa6 10.Ne2 Nb8 11.Nf4 Nc6 12.Nxe6 Qxe6 13.Qxg7 Qg6 14.Qxh8 Nd8 15.e6 Nxe6
16.h4 O-O-O 17.Bg5 Re8 18.O-O f4 19.c4 h6 20.Bxf4 Ne7 21.Qxh6 Qe4 22.Bg3 Nxd4
23.Rfe1 Ne2+ 24.Rxe2 Qxe2 25.Qf4 Qxc4  1/2-1/2

[Event "TIPC Open"]
[Site "Charleroi BEL"]
[Date "2008.07.31"]
[Round "7"]
[White "Akhayan,R"]
[Black "Saiboulatov,D"]
[Result "1/2-1/2"]
[WhiteElo "2243"]
[BlackElo "2371"]

1.e4 e6 2.d4 d5 3.Nc3 Bb4 4.e5 Ne7 5.Bd2 b6 6.Qg4 Nf5 7.Bd3 h5 8.Qf4 Qh4
9.Qxh4 Nxh4 10.Nb5 Bxd2+ 11.Kxd2 Kd8 12.g3 Nf5 13.Nf3 Nc6 14.h3 a6 15.g4 axb5
16.gxf5 exf5 17.Bxb5 Ne7 18.Rhg1 c6 19.Bd3 g6 20.a4 Be6 21.a5 b5 22.b4 Nc8
23.Ng5 Ke7 24.f4 Na7 25.Nf3 Rab8 26.Ke3 Rhc8 27.Be2 Rh8 28.Rg2 h4 29.Nd2 Rb7
30.Nb3 Rbb8 31.Bf1 Rh7 32.Nd2 Rhh8 33.Ra3 Rh7 34.Nf3 Rhh8 35.Rc3 Rb7 36.Rd2 Rbb8
37.Rdd3 Bd7 38.Kf2 Be6 39.Rc5 Kd7 40.Rdc3 Rh6 41.Nd2 Rhh8 42.Nb3 Rhc8 43.Be2 Rb7
44.Re3 Rbb8 45.Rcc3 Rh8 46.Nc5+ Ke7 47.Bf1 Rhg8 48.Ra3 Rh8 49.Rec3 Rhd8 50.a6 Rb6
51.Ra1 Rh8 52.Be2 Re8 53.Rca3 Rh8 54.Rg1 Rg8 55.Raa1 Rh8 56.Rg2 Rf8 57.Rag1 Rg8
58.Bh5 Bc8 59.e6 Bxe6 60.Bxg6 Rxg6 61.Rxg6 fxg6 62.Rxg6 Kf7 63.Rxe6 Rxa6
64.Rd6 Ra2 65.Nd3 Rxc2+ 66.Ke3 Nc8 67.Ne5+ Ke7 68.Rg6 Nd6 69.Kd3 Rh2 70.Nxc6+ Kd7
71.Ne5+ Ke7  1/2-1/2

[Event "IMB Proclient Cup"]
[Site "Olomouc CZE"]
[Date "2008.08.01"]
[Round "3"]
[White "Blomqvist,E"]
[Black "Arslanov,S"]
[Result "1-0"]
[WhiteElo "2322"]
[BlackElo "2228"]

1.e4 e6 2.d4 d5 3.Nc3 Bb4 4.e5 Qd7 5.a3 Bxc3+ 6.bxc3 b6 7.Qg4 f5 8.Qg3 Ba6
9.Bxa6 Nxa6 10.Ne2 O-O-O 11.a4 Nb8 12.a5 Nc6 13.axb6 cxb6 14.O-O Na5 15.Rxa5 bxa5
16.Ba3 Kb7 17.Nf4 Ka8 18.c4 Ne7 19.Qxg7 Rhe8 20.Nh5 Ng8 21.Bc5 dxc4 22.Ra1 a4
23.g3 Re7 24.Bxe7 Nxe7 25.Nf6 Qxd4 26.Rxa4 Qc5 27.Ra1 Ng6 28.Rb1 Qe7 29.Qxe7 Nxe7
30.Nxh7 Rb8 31.Rd1 Nc6 32.Ng5 Nxe5 33.Nxe6 Rb6 34.Nc5 a5 35.Rd5 Nf3+ 36.Kg2 Ne1+
37.Kf1 Nxc2 38.Na4 Rb1+ 39.Ke2 Rb4 40.Rxa5+ Kb8 41.Nc3 Rb3 42.Rb5+ Kc7 43.Rc5+ Kd6
44.Rxc4 Na3 45.Rd4+ Kc5 46.Rd3 Kc4 47.Nd1 Rxd3 48.Nb2+ Kd4 49.Nxd3 Nb5 50.Nf4 Ke4
51.f3+ Kd4 52.h4 Nc3+ 53.Kd2 Nb1+ 54.Ke2 Nc3+ 55.Kf2 Nd1+ 56.Kg2 Ne3+ 57.Kh3 Nf1
58.h5 Ke5 59.Kh4 Kf6 60.Nd5+ Kg7 61.g4 Nd2 62.Kg3 Kh6 63.Kf4 fxg4 64.fxg4 Nb3
65.Ne7 Nc5 66.Nf5+ Kh7 67.Ke5 Nd3+ 68.Kf6 Nf2 69.Kg5 Ne4+ 70.Kh4 Nd2 71.g5 Nf3+
72.Kg4 Ne5+ 73.Kf4 Nd3+ 74.Ke4 Nf2+ 75.Ke5 Nd3+ 76.Kf6 Nf4 77.g6+ Kh8 78.h6 Nxg6
79.Kxg6 Kg8 80.Nd6  1-0

[Event "Mercosur Cup"]
[Site "Villa Martelli ARG"]
[Date "2008.08.01"]
[Round "4"]
[White "Della Morte,G"]
[Black "Rodriguez Vila,A"]
[Result "1-0"]
[WhiteElo "2387"]
[BlackElo "2531"]

1.e4 e6 2.d4 d5 3.Nc3 Bb4 4.e5 Ne7 5.a3 Bxc3+ 6.bxc3 c5 7.Nf3 Qa5 8.Bd2 Nbc6
9.h4 Bd7 10.h5 h6 11.Bd3 c4 12.Be2 Qa4 13.O-O O-O-O 14.Nh2 Kb8 15.Ng4 Ka8
16.Ne3 Rdf8 17.f4 f5 18.Kf2 Be8 19.Rh1 Rh7 20.Rh3 Qa5 21.Bf3 Rg8 22.Ke2 g5
23.hxg6 Nxg6 24.g3 h5 25.Ng2 Nh8 26.Qh1 Qb5 27.a4 Qa6 28.Be3 Rg4 29.Bxg4 fxg4
30.Rh2 Ne7 31.Nh4 Nhg6 32.f5 Nxh4 33.Rxh4 Nxf5 34.Rxg4 hxg4 35.Qxh7 Nxg3+
36.Kf2 Ne4+ 37.Kg2 Qc6 38.Qe7 a6 39.a5 Ka7 40.Rb1 Bd7 41.Qd8 Qc8 42.Qxc8 Bxc8
43.Rh1 Nxc3 44.Bd2 Nb5 45.Bb4 b6 46.Rh7+ Bb7 47.c3 bxa5 48.Bxa5 Kb8 49.Kg3 Na7
50.Bc7+ Kc8 51.Bd6 Nb5 52.Bb4 Bc6 53.Kxg4 Bd7 54.Rh8+ Kb7 55.Rd8 Bc8 56.Kg5 Na7
57.Rh8 Bd7 58.Kf6 Nc6 59.Bc5 a5 60.Rh7 Kc8 61.Rg7 Kc7 62.Bb6+ Kc8 63.Rh7 a4
64.Bc5 Kc7 65.Bd6+ Kc8 66.Rg7 Na7 67.Bc5 Nc6 68.Bb6 Nb8 69.Ke7 Kb7 70.Bc5 Kc7
71.Bd6+  1-0

[Event "17th Open"]
[Site "Martigny SUI"]
[Date "2008.08.02"]
[Round "3"]
[White "Steenhuis,J"]
[Black "Sermier,G"]
[Result "0-1"]
[WhiteElo "2162"]
[BlackElo "2366"]

1.e4 e6 2.d4 d5 3.Nc3 Bb4 4.e5 Ne7 5.Qg4 c5 6.a3 Bxc3+ 7.bxc3 O-O 8.Bd3 Nbc6
9.Qh5 Ng6 10.Nf3 Qc7 11.O-O c4 12.Be2 f6 13.exf6 Rxf6 14.Re1 Bd7 15.Ng5 h6
16.Nh3 Qa5 17.Bd2 Nxd4 18.Bxc4 Nxc2 19.Bd3 Nxa1 20.Bxg6 Nb3 21.Bxh6 Qxc3
22.Rb1 gxh6 23.Qxh6 Rc8 24.g3 Be8 25.Qh7+ Kf8 26.Qh8+ Ke7 27.Bxe8 Rxe8 28.Qg7+ Kd6
29.Rxb3 Qa1+  0-1

[Event "Timisoara Cup GM"]
[Site "Timisoara ROM"]
[Date "2008.08.03"]
[Round "2"]
[White "Ardeleanu,A"]
[Black "Kovacevic,Bl"]
[Result "1/2-1/2"]
[WhiteElo "2407"]
[BlackElo "2473"]

1.e4 e6 2.d4 d5 3.Nc3 Bb4 4.e5 Ne7 5.a3 Bxc3+ 6.bxc3 b6 7.Qg4 Ng6 8.h4 h5
9.Qd1 Qd7 10.Be2 Ba6 11.Bxh5 Qb5 12.Be2 Qa5 13.Bg5 Qxc3+ 14.Kf1 c5 15.Bxa6 Nxa6
16.Ne2 Qc4 17.c3 Kd7 18.Kg1 Raf8 19.h5 Ne7 20.Bxe7 Kxe7 21.Qd2 Kd7 22.h6 gxh6
23.Rxh6 Nc7  1/2-1/2

[Event "Abkhasian Open"]
[Site "Sukhumi GEO"]
[Date "2008.08.04"]
[Round "2"]
[White "Malinin,V"]
[Black "Nikolaeva,A1"]
[Result "0-1"]
[WhiteElo "2331"]
[BlackElo "2199"]

1.d4 e6 2.e4 d5 3.Nc3 Bb4 4.e5 Ne7 5.Qg4 c5 6.a3 Bxc3+ 7.bxc3 O-O 8.h4 f5
9.Qg3 Nbc6 10.Ne2 Qa5 11.Bd2 Qa4 12.h5 cxd4 13.Rh4 Bd7 14.Nf4 Qxc2 15.Bd3 Qb2
16.Rb1 Qxa3 17.cxd4 Rac8 18.h6 g6 19.Nh5 Kh8 20.Bg5 Ng8 21.Nf6 Rc7 22.Rc1 Rfc8
23.Ke2 Nxd4+ 24.Rxd4 Qb2+ 25.Bd2 Qxd4 26.Rxc7 Rxc7 27.Nxg8 Kxg8 28.f4 Qc5
29.Qh4 Rc8 30.Kf3 Qf8 31.g4 Qd8 32.Qe1 d4 33.gxf5 exf5 34.Qb1 Bc6+ 35.Kg3 Qd5
36.Qf1 Qb3 37.Kh4 Be4 38.Bb5 d3 39.Bd7 Rc2 40.e6 Qb2 41.Kg5 Qd4 42.Be3 Qd6
43.Kf6 Bc6 44.Qb1 Bxd7 45.Qxb7 Qxe6+ 46.Kg5 Qxe3  0-1

[Event "Arctic Chess Challenge"]
[Site "Tromso NOR"]
[Date "2008.08.04"]
[Round "3"]
[White "Lovik,L"]
[Black "Westerinen,H"]
[Result "1/2-1/2"]
[WhiteElo "2143"]
[BlackElo "2376"]

1.e4 e6 2.d4 d5 3.Nc3 Bb4 4.e5 b6 5.Qg4 Bf8 6.Nh3 Qd7 7.Be3 Ba6 8.Bxa6 Nxa6
9.Qe2 Nb4 10.a3 Nc6 11.b4 Nge7 12.O-O Nf5 13.Rfd1 h5 14.Na2 Be7 15.c4 dxc4
16.Qxc4 Rd8 17.Nc3 Ncxd4 18.Bxd4 Nxd4 19.b5 Bc5 20.Ra2 Qe7 21.Rad2 Qh4 22.Kf1 Ke7
23.Qd3 Nc6 24.Qd7+ Rxd7 25.Rxd7+ Kf8 26.bxc6 g5 27.Ne4 Qxe4 28.Rxf7+ Ke8
29.Rxc7 Qxe5 30.Rdd7 Qa1+ 31.Ke2 Qb2+ 32.Kd1 Qb3+ 33.Kd2 Qb2+ 34.Kd1 Qb1+
35.Kd2 Qb2+  1/2-1/2

[Event "Arctic Chess Challenge"]
[Site "Tromso NOR"]
[Date "2008.08.04"]
[Round "3"]
[White "Forsaa,E"]
[Black "Agdestein,S"]
[Result "1/2-1/2"]
[WhiteElo "2282"]
[BlackElo "2583"]

1.d4 e6 2.e4 d5 3.Nc3 Bb4 4.e5 b6 5.Qg4 Bf8 6.Bb5+ c6 7.Ba4 Bd7 8.Nf3 Ne7
9.Bg5 h6 10.Bh4 Na6 11.O-O g5 12.Bg3 Nf5 13.h4 Be7 14.h5 O-O 15.Nd1 Nc7 16.c3 Ne8
17.Nh2 Nxg3 18.Qxg3 f5 19.exf6 Bd6 20.Qd3 Qxf6 21.Ng4 Qg7 22.Nde3 Nc7 23.g3 Rad8
24.Kg2 Qh7 25.Qxh7+ Kxh7 26.Ne5 Bxe5 27.dxe5 c5 28.Bxd7 Rxd7 29.a4 Kg7 30.Rfd1 Rdf7
31.Ng4 Rf5 32.b3 Na6 33.Rac1 Nb8 34.Re1 Nc6 35.Re2 a5 36.Ree1 Rf3 37.Re2 d4
38.cxd4 Nxd4 39.Re3 Nxb3 40.Rb1 c4 41.Rxf3 Rxf3 42.Ne3 Rf8 43.Nxc4 Nc5 44.Rxb6 Nd3
45.Rxe6 Rxf2+ 46.Kg1 Re2 47.Nxa5 Re4 48.Nc6 g4 49.a5 Re1+ 50.Kg2 Re2+ 51.Kg1  1/2-1/2

[Event "XVII TCh-MKD"]
[Site "Struga MKD"]
[Date "2008.08.05"]
[Round "2"]
[White "Gjorgjiev,Go"]
[Black "Jacimovic,D"]
[Result "0-1"]
[WhiteElo "2147"]
[BlackElo "2417"]

1.e4 e6 2.d4 d5 3.Nc3 Bb4 4.e5 Qd7 5.a3 Bf8 6.Be3 b6 7.Nf3 Ne7 8.Bd3 Ba6
9.Bxa6 Nxa6 10.Qe2 Nb8 11.O-O Nbc6 12.Ng5 Nf5 13.Rad1 Be7 14.Nh3 O-O 15.g4 Nh4
16.f4 f5 17.exf6 Bxf6 18.Bf2 Ng6 19.Qf3 Rae8 20.f5 exf5 21.Qxf5 Qxf5 22.gxf5 Nge7
23.Nf4 Nxf5 24.Nfxd5 Bxd4 25.Nxc7 Bxc3 26.bxc3 Re2 27.Rfe1 Rxc2 28.Nb5 Rxf2
29.Kxf2 Nfd4+ 30.Kg2 Nxb5 31.a4 Nc7 32.Rd6 Rf6 33.Rxf6 gxf6 34.Rd1 Ne5 35.Kf2 Ne6
36.Rd6 Kf7 37.a5 Ke7 38.Rd5 Nc7 39.Rd4 bxa5 40.Ra4 Nc6 41.Rh4 Nb5 42.Rxh7+ Ke6
43.Rh3 Ne5 44.Ke2 a4 45.Kd2 Nd6 46.Kc2 Ndc4 47.Rg3 f5 48.h4 f4 49.Rh3 f3
50.Kd1 a3 51.Rh2 Ne3+ 52.Kc1 f2  0-1

[Event "GM Valoz Cup"]
[Site "Olomouc CZE"]
[Date "2008.08.06"]
[Round "8"]
[White "Erdogdu,M"]
[Black "Vokac,M"]
[Result "1/2-1/2"]
[WhiteElo "2440"]
[BlackElo "2451"]

1.e4 e6 2.d4 d5 3.Nc3 Bb4 4.e5 b6 5.Bd2 Ba6 6.Nce2 Bf8 7.Nf3 Qd7 8.g3 c5
9.c3 Nc6 10.Bh3 h6 11.O-O g5 12.Re1 O-O-O 13.Be3 f5 14.exf6 Nxf6 15.Ne5 Nxe5
16.dxe5 Ne8 17.b4 Nc7 18.a4 cxb4 19.cxb4 Bxb4 20.Nd4 Bc4 21.a5 Bxa5 22.Rxa5 bxa5
23.Qd2 Qa4 24.Nxe6 Nxe6 25.Bxe6+ Kb8 26.Rb1+ Ka8 27.Bxa7 Qa2 28.Qe1 Kxa7
29.Ra1 Qxa1 30.Qxa1 Ka6 31.Qa4 Bb5 32.Qd4 Rhe8 33.Bxd5 g4 34.h3 Rd7 35.Qe4 Rc8
36.hxg4 Rc5 37.Qg6+ Ka7 38.Bg2 Rxe5 39.Qxh6 a4 40.Qh8 Re1+ 41.Kh2 Re2 42.Qh5 Kb6
43.Qf5 Rdd2 44.Qf6+ Ka5 45.Qc3+ Kb6 46.Qf6+ Kc5 47.Qc3+ Bc4 48.Qa5+ Kd4 49.Qxa4 Rxf2
50.Qa8 Bf1 51.Kg1 Bxg2 52.Qa7+ Ke5 53.Qxf2 Rxf2  1/2-1/2

[Event "Timisoara Cup IM"]
[Site "Timisoara ROM"]
[Date "2008.08.06"]
[Round "7"]
[White "Dragomirescu,R"]
[Black "Agafii,V"]
[Result "0-1"]
[WhiteElo "2232"]
[BlackElo "2306"]

1.e4 e6 2.d4 d5 3.Nc3 Bb4 4.e5 Qd7 5.a3 Bxc3+ 6.bxc3 b6 7.Qg4 f5 8.Qg3 Ba6
9.Bxa6 Nxa6 10.Ne2 Nb8 11.Nf4 Nc6 12.h4 O-O-O 13.h5 Nh6 14.Ne2 Na5 15.Bxh6 gxh6
16.Nf4 Rhg8 17.Qd3 Nc4 18.Ke2 Rde8 19.a4 a5 20.g3 Kb7 21.Rhg1 Rg4 22.Rgb1 Reg8
23.Qf3 Qf7 24.Rh1 R8g5 25.Rab1 Qg8 26.Rh3 Qe8 27.Rb3 Rxf4 28.gxf4 Rg1 29.Rh1 Rxh1
30.Qxh1 Qxa4 31.Kd3 Qe8 32.Rb1 a4 33.Rb4 a3 34.Rb1 Qa4 35.Rb4 Qa6 36.Qa1 Nxe5+
37.Ke3 Nc4+ 38.Kf3 a2 39.Kg3 Nd2  0-1

[Event "VII Open"]
[Site "Ortigueira ESP"]
[Date "2008.08.13"]
[Round "4"]
[White "Guerra Mendez,J"]
[Black "Dgebuadze,A"]
[Result "1/2-1/2"]
[WhiteElo "2456"]
[BlackElo "2562"]

1.e4 e6 2.d4 d5 3.Nc3 Bb4 4.e5 Ne7 5.a3 Bxc3+ 6.bxc3 c5 7.h4 Qc7 8.Nf3 Nbc6
9.Bd3 Bd7 10.O-O c4 11.Be2 f6 12.Bf4 Qa5 13.Qd2 O-O-O 14.h5 Rhg8 15.h6 g5
16.Bg3 fxe5 17.Nxe5 Nf5 18.Nxc6 Bxc6 19.Bg4 Bd7 20.Bxf5 exf5 21.f4 g4 22.Rfe1 Rde8  1/2-1/2

[Event "Petrovskaya Ladya GM1"]
[Site "Peterhof RUS"]
[Date "2008.08.14"]
[Round "4"]
[White "Gorovykh,E"]
[Black "Goganov,A"]
[Result "0-1"]
[WhiteElo "2380"]
[BlackElo "2382"]

1.e4 e6 2.d4 d5 3.Nc3 Bb4 4.e5 Ne7 5.a3 Bxc3+ 6.bxc3 c5 7.Qg4 O-O 8.Bd3 Nbc6
9.Qh5 Ng6 10.Nf3 Qc7 11.Be3 c4 12.Bxg6 fxg6 13.Qh3 h6 14.Qg3 Qf7 15.h4 Bd7
16.Rh3 Qf5 17.Kd2 b5 18.Qh2 a5 19.Qg1 b4 20.g4 bxc3+ 21.Kxc3 Qf7 22.h5 g5
23.Qh2 Qe7 24.Nd2 Na7 25.Nb1 Nb5+ 26.Kd2 c3+ 27.Kd3 Rac8 28.Qh1 a4 29.Ke2 Qd8
30.Qd1 Qc7 31.Qd3 Na7 32.Ke1 Bb5 33.Qd1 Qc4 34.Rh1 Ba6 35.Rg1 Qb5 36.Bc1 Rc4
37.Qd3 Rfc8 38.f4 Rxd4 39.Qxb5 Nxb5 40.fxg5 Re4+ 41.Kd1 Nd4 42.Nxc3 Rxc3
43.gxh6 Be2+  0-1

[Event "Open A"]
[Site "Vladimir RUS"]
[Date "2008.08.14"]
[Round "3"]
[White "Kokarev,Dm"]
[Black "Andreev,Ed UKR"]
[Result "1-0"]
[WhiteElo "2582"]
[BlackElo "2455"]

1.e4 e6 2.d4 d5 3.Nc3 Bb4 4.e5 Ne7 5.a3 Bxc3+ 6.bxc3 c5 7.Qg4 cxd4 8.cxd4 Qc7
9.Bd2 Qxc2 10.Qxg7 Rg8 11.Qh6 Nbc6 12.Ne2 Bd7 13.Bc3 Nf5 14.Qd2 Qa4 15.g3 f6
16.exf6 e5 17.f7+ Kxf7 18.Bg2 Ncxd4 19.O-O Nxe2+ 20.Qxe2 d4 21.Bd2 Kf6 22.f4 e4
23.Qxe4 Rae8 24.Qxb7 Re2 25.Rf2 Rxf2 26.Kxf2 Qc2 27.Qb4 h5 28.Bf3 h4 29.g4 Rb8
30.Qa5 Ne3 31.Qe5+ Kf7 32.Qxd4 Nxg4+ 33.Bxg4 Bxg4 34.Rc1  1-0

[Event "Open"]
[Site "Davos SUI"]
[Date "2008.08.15"]
[Round "6"]
[White "Giacomini,P"]
[Black "Bigg,A"]
[Result "0-1"]
[WhiteElo "2046"]
[BlackElo "2257"]

1.e4 e6 2.d4 d5 3.Nc3 Bb4 4.e5 Ne7 5.a3 Bxc3+ 6.bxc3 c5 7.Qg4 Qc7 8.Qxg7 Rg8
9.Qxh7 cxd4 10.Qd3 dxc3 11.f4 Bd7 12.Ne2 Nbc6 13.Qxc3 O-O-O 14.Be3 Nf5 15.Bf2 d4
16.Qc5 Be8 17.h3 Rd5 18.Qc4 Qa5+ 19.Kd1 Ne3+ 20.Bxe3 dxe3+ 21.Kc1 Rc5 22.Qb3 Qd2+
23.Kb2 Nd4 24.Nxd4 Qxd4+ 25.c3 Qd2+ 26.Qc2 Ba4 27.Qxd2 exd2 28.Be2 Rxg2 29.Bd1 Rb5+
30.Ka2 Bb3+ 31.Bxb3 d1=Q+  0-1

[Event "Jessie Gilbert Celebration Int"]
[Site "Coulsdon ENG"]
[Date "2008.08.18"]
[Round "3"]
[White "Briscoe,C"]
[Black "Madan,A"]
[Result "1/2-1/2"]
[WhiteElo "2232"]
[BlackElo "2415"]

1.e4 e6 2.d4 d5 3.Nc3 Bb4 4.e5 b6 5.a3 Bxc3+ 6.bxc3 Ba6 7.Qg4 Kf8 8.Bxa6 Nxa6
9.Nh3 Ne7 10.Bg5 h6 11.Bxe7+ Qxe7 12.Qe2 Nb8 13.O-O h5 14.c4 dxc4 15.Qxc4 c6
16.f4 g6 17.Ng5 Kg7 18.Rf3 b5 19.Qd3 Nd7 20.Rg3 Nb6 21.Rf1 Kf8 22.Nxf7 Qxf7
23.Rxg6 Ke7 24.Rf6 Qh7 25.f5 exf5 26.Qc3 Nc4 27.R1xf5 Rag8 28.Qf3 Kd8 29.Qxc6 Qd7
30.Qa8+ Qc8 31.Qd5+ Qd7 32.Qa8+ Qc8 33.Qxa7 Rxg2+ 34.Kxg2 Ne3+ 35.Kh1 Nxf5
36.Qb6+ Ke7 37.Qa7+ Kd8 38.Qf7 Qxc2 39.Rxf5 Qe4+ 40.Rf3 Rh6 41.Qf4 Qxf4 42.Rxf4 Rc6
43.Kg2 Rc3 44.Rf3 Rc2+ 45.Kg3 Rd2 46.Kf4 Rxd4+ 47.Kf5 Ke7 48.Rh3 h4 49.Rb3 Rd2
50.h3 Rg2 51.Rxb5 Rg3 52.Rb7+ Kf8 53.Rb4 Rxh3 54.a4 Rh1 55.Kf6 Rf1+ 56.Ke6 h3
57.Rh4 Rh1 58.Rh8+ Kg7 59.Rh5 Kg6 60.Rh4 Kg5 61.Rh8 Kg4 62.Kf6 Rf1+ 63.Kg6 Re1
64.Kf6 Rf1+ 65.Ke7 Ra1 66.e6 Rxa4 67.Kf6 Rf4+ 68.Kg6 Re4 69.Kf6 Kg3 70.e7 h2
71.Rxh2  1/2-1/2

[Event "Open A"]
[Site "Vladimir RUS"]
[Date "2008.08.18"]
[Round "6"]
[White "Demchenko,A"]
[Black "Skomorokhin,R"]
[Result "1/2-1/2"]
[WhiteElo "2495"]
[BlackElo "2378"]

1.e4 e6 2.d4 d5 3.Nc3 Bb4 4.e5 Ne7 5.a3 Bxc3+ 6.bxc3 c5 7.Qg4 cxd4 8.Qxg7 Rg8
9.Qxh7 Qc7 10.Ne2 Nbc6 11.f4 Bd7 12.Qd3 dxc3 13.Qxc3 Nf5 14.Rb1 O-O-O 15.g3 d4
16.Qc5 b6 17.Qc4 Kb8 18.Bg2 Rc8 19.Bd2 Nce7 20.Qxc7+ Rxc7 21.Be4 Bc6 22.Bxc6 Rxc6
23.c3 d3 24.Nc1 Rd8 25.g4 Nh4 26.Kf2 Nd5 27.Rb3 Ng6 28.Nxd3 Ndxf4 29.Bxf4 Rxd3
30.Bg3 Rc4 31.Ke2 Rd5 32.Rf1 Nxe5 33.Rxf7 Re4+ 34.Kf1 Rxg4 35.Re7 Ka8 36.Rb4 Rg6
37.Rf4 Rd8 38.Re4 Rf6+ 39.Ke2 Nd3 40.Rd4 Rxd4 41.cxd4 Nf4+ 42.Kd2 Nd5 43.Rg7 Rf3
44.h4 Nf6 45.Be5 Ne4+ 46.Ke2 Rxa3 47.h5 Rh3 48.Rh7 a5 49.h6 a4 50.Rh8+ Ka7
51.Bg7 a3 52.d5 exd5 53.Rd8 a2 54.Rd7+ Ka6 55.Rd8 Kb7 56.Rd7+ Ka6 57.Rd8 Kb7
58.Rd7+ Kc6 59.Ra7 Kc5 60.Kf1 Nd6 61.Rxa2 Nf5 62.Bf8+ Kc4 63.Rc2+ Kb5 64.Rd2 d4
65.Kg2 Rh5 66.Kf3 Nxh6 67.Rxd4 Rf5+ 68.Rf4 Rxf4+ 69.Kxf4 Nf7 70.Ke3 Kc4 71.Kd2 Ne5
72.Kc2 Nd3 73.Be7 Nc5 74.Bd8 b5 75.Be7 b4 76.Bxc5  1/2-1/2

[Event "Jessie Gilbert Celebration Int"]
[Site "Coulsdon ENG"]
[Date "2008.08.19"]
[Round "4"]
[White "Tavoularis,N"]
[Black "Fowler,S"]
[Result "0-1"]
[WhiteElo "2160"]
[BlackElo "2256"]

1.e4 e6 2.d4 d5 3.Nc3 Bb4 4.e5 Ne7 5.Bd2 c5 6.Nb5 Bxd2+ 7.Qxd2 O-O 8.c3 Nbc6
9.f4 a6 10.Na3 f6 11.Nf3 cxd4 12.cxd4 Ng6 13.O-O-O fxe5 14.fxe5 b5 15.Kb1 b4
16.Nc2 Qb6 17.Ne3 a5 18.h4 Nge7 19.Rh3 a4 20.Rg3 Na5 21.Bd3 Ba6 22.Ng5 h6
23.Bxa6 Rxa6 24.Nf3 Kh8 25.Rc1 Nb3 26.axb3 axb3 27.Nc2 Rfa8 28.Na3 bxa3 29.Ng5 Nf5
30.Nf7+ Kh7  0-1

[Event "5th DA Tan Malaysian Open"]
[Site "Kuala Lumpur MAS"]
[Date "2008.08.19"]
[Round "3"]
[White "Eng,A"]
[Black "Panggabean,H"]
[Result "1/2-1/2"]
[WhiteElo "2003"]
[BlackElo "2254"]

1.e4 e6 2.d4 d5 3.Nc3 Bb4 4.e5 b6 5.Bd2 Nc6 6.a3 Bf8 7.Bb5 Bb7 8.Be3 Ne7
9.Nf3 h6 10.h4 Qd7 11.Qe2 O-O-O 12.a4 Kb8 13.a5 Qc8 14.axb6 cxb6 15.Nd2 Nf5
16.Nb3 Bb4 17.Qd3 f6 18.g4 Nxe3 19.Qxe3 fxe5 20.Bxc6 Qxc6 21.Qxe5+ Qd6 22.Qe2 Rc8
23.Rh3 Rc4 24.Re3 Bc8 25.O-O-O Bxc3 26.Rxc3 Rxc3 27.bxc3 Rf8 28.Kb2 Rf7 29.Rf1 Rc7
30.f4 Rf7 31.Nc1 Rxf4 32.Qh2 g5 33.hxg5 hxg5 34.Nd3 Ba6 35.Rxf4 gxf4 36.Qxf4 Qxf4
37.Nxf4 Kc7 38.Nxe6+ Kd6 39.Nf4 Bc4 40.Ka3 Ke7 41.g5 Kf7 42.Kb4 a6 43.Nd3 a5+
44.Ka4 Kg6 45.Ne5+ Kxg5 46.Nxc4 dxc4 47.Kb5 Kf5 48.Kxc4 Ke4 49.Kb5 Kd5 50.Ka4 Kc4
51.Ka3 b5 52.Kb2 b4 53.cxb4 axb4 54.d5 Kxd5  1/2-1/2

[Event "35th Open"]
[Site "Manresa ESP"]
[Date "2008.08.19"]
[Round "8"]
[White "Torner Planell,Jos"]
[Black "Ryan,Jo"]
[Result "0-1"]
[WhiteElo "2133"]
[BlackElo "2331"]

1.e4 e6 2.d4 d5 3.Nc3 Bb4 4.e5 Ne7 5.a3 Bxc3+ 6.bxc3 c5 7.Qg4 Qc7 8.Qxg7 Rg8
9.Qxh7 cxd4 10.Ne2 Nbc6 11.f4 Bd7 12.Qd3 dxc3 13.Qxc3 O-O-O 14.Rb1 Kb8 15.Rg1 Bc8
16.g4 b6 17.Rg3 Ba6 18.Nd4 Bxf1 19.Nxc6+ Nxc6 20.Kxf1 d4 21.Qd3 Na5 22.Rb4 Rc8
23.Rxd4 Rgd8 24.Bb2 Nc4 25.Rxd8 Rxd8 26.Bd4 Nxa3 27.c3 Qc6 28.Kg1 Nb5 29.Qe3 Qc4
30.Qd3 Qxd3 31.Rxd3 Nxc3 32.Kf2 Nb5 33.Ke3 Rh8 34.Rd2 Kb7 35.Bb2 Nc7 36.Ke4 Nd5
37.f5 Rh4 38.Rg2 a5 39.Bd4 b5 40.fxe6 fxe6 41.Bf2 Rh8 42.g5 Ne7 43.h4 b4
44.Rh2 b3 45.Bc5 Nf5 46.h5 Kc6 47.Ba3 Ng3+ 48.Kf3 Nxh5 49.g6 Kd5 50.g7 Rg8
51.Rxh5 Rxg7 52.Bb2 a4 53.Rh4 Ra7 54.Rd4+ Kc5 55.Rd6 a3 56.Bd4+ Kc4 57.Bxa7 b2
58.Rd4+ Kb5 59.Rd2 b1=Q 60.Bd4 a2 61.Ke3  0-1

[Event "44th Rubinstein Mem Open A"]
[Site "Polanica Zdroj POL"]
[Date "2008.08.19"]
[Round "1"]
[White "Jacek,K"]
[Black "Banasik,K"]
[Result "0-1"]
[WhiteElo "1987"]
[BlackElo "2215"]

1.e4 e6 2.d4 d5 3.Nc3 Bb4 4.e5 Ne7 5.a3 Bxc3+ 6.bxc3 c5 7.Qg4 Nbc6 8.Bd3 h5
9.Qxg7 Rg8 10.Qh6 cxd4 11.Qxh5 Qa5 12.Ne2 dxc3 13.Rb1 d4 14.f4 Qd5 15.Ng3 b6
16.Ne4 Qa2 17.Rb3 Rxg2 18.Nf6+ Kd8 19.Qh8+ Kc7 20.Ne8+ Kb8 21.Kd1 Qa1  0-1

[Event "44th Rubinstein Mem Open A"]
[Site "Polanica Zdroj POL"]
[Date "2008.08.19"]
[Round "1"]
[White "Krzyzanowski,M"]
[Black "Nowak,Mal"]
[Result "1-0"]
[WhiteElo "2261"]
[BlackElo "2052"]

1.e4 e6 2.d4 d5 3.Nc3 Bb4 4.e5 Ne7 5.h4 c5 6.a3 Bxc3+ 7.bxc3 Qc7 8.Nf3 cxd4
9.cxd4 b6 10.h5 Ba6 11.h6 g6 12.Rh3 Bxf1 13.Kxf1 Qc4+ 14.Kg1 Nbc6 15.Bg5 Rc8
16.Bf6 O-O 17.Nh2 Qxd4 18.Qxd4 Nxd4 19.Bxe7 Rfe8 20.Bf6 Rxc2 21.Ng4 Nf5 22.Bg7 Nxg7
23.Nf6+ Kf8 24.hxg7+  1-0

[Event "8th Savaria Summer GM"]
[Site "Szombathely HUN"]
[Date "2008.08.20"]
[Round "7"]
[White "Szabo,Krisz1"]
[Black "Vavrak,P"]
[Result "1/2-1/2"]
[WhiteElo "2510"]
[BlackElo "2474"]

1.e4 e6 2.d4 d5 3.Nc3 Bb4 4.e5 b6 5.a3 Bf8 6.Bb5+ c6 7.Ba4 a5 8.Nce2 Ba6
9.c3 Ne7 10.Nf3 Nd7 11.O-O Qc7 12.Bf4 Bxe2 13.Qxe2 b5 14.Bc2 a4 15.Rae1 Nb6
16.h3 Nc4 17.Bc1 g6 18.Bd3 h6 19.Nh2 h5 20.Bg5 Ng8 21.f4 Be7 22.Rf2 O-O-O
23.Ref1 Qa7 24.Nf3  1/2-1/2

[Event "Leicester Group A"]
[Site "Littlethorpe ENG"]
[Date "2008.08.23"]
[Round "2"]
[White "Coates,D"]
[Black "Edwards,L"]
[Result "1/2-1/2"]
[WhiteElo "2037"]
[BlackElo "2093"]

1.e4 e6 2.d4 d5 3.Nc3 Bb4 4.e5 Ne7 5.a3 Bxc3+ 6.bxc3 c5 7.Qg4 O-O 8.Bd3 f5
9.exf6 Rxf6 10.Bg5 Rf7 11.Qh5 g6 12.Qd1 Qa5 13.Bd2 Nbc6 14.Nf3 Qc7 15.O-O e5
16.Nxe5 Nxe5 17.dxe5 Qxe5 18.c4 d4 19.Qe1 Qxe1 20.Raxe1 Bf5 21.Re5 Rc8 22.Rfe1 Bxd3
23.cxd3 Nf5 24.a4 b6 25.h3 Rcc7 26.Bg5 Rcd7 27.g4 Nd6 28.Bh6 Rd8 29.Re6 Rfd7
30.Bg5 Ra8 31.Bf4 Rad8 32.Bg5 Ra8 33.Bf4  1/2-1/2